| 000 | 01333nam a2200385 c 4500 | ||
|---|---|---|---|
| 001 | 54029 | ||
| 003 | ES-MaCES | ||
| 005 | 20251218101518.0 | ||
| 008 | 251217s2025 sp 000 | spa d | ||
| 017 |
_aM 18293-2025 _bDL |
||
| 020 | _a9788430993765 | ||
| 040 |
_aES-MaCES _bspa _cES-MaCES |
||
| 100 | 1 |
_941513 _aRoch, Juan |
|
| 245 | 0 | 3 |
_aLa vivienda en la España del siglo XXI _b: desafíos y oportunidades _cMaría Luisa Gómez Jiménez (dir.) ; Alberto Vallejo Peña (coord.) ; autores, Rafael Arredondo Quijada ... [et al.] |
| 260 |
_aMadrid _bTecnos _c2025 |
||
| 300 |
_a225 p. _c23 p. |
||
| 504 | _aBibliografía: p. 211-225 | ||
| 541 | _cCompra | ||
| 650 | 4 |
_avivienda _928598 |
|
| 650 | 4 |
_apolítica de vivienda _929419 |
|
| 650 | 4 |
_anecesidades de vivienda _928600 |
|
| 650 | 4 |
_aproblema social _927044 |
|
| 650 | 4 |
_adesigualdad económica _929371 |
|
| 650 | 4 |
_adesigualdad social _930789 |
|
| 650 | 4 |
_apersonas de edad avanzada _928521 |
|
| 650 | 4 |
_acambio climático _930961 |
|
| 650 | 4 |
_ateletrabajo _929568 |
|
| 650 | 4 |
_aEspaña _926964 |
|
| 653 | 1 | 0 | _aVivienda-Construcción-Urbanismo |
| 700 | 1 |
_940619 _aGómez Jiménez, María Luisa _edir. |
|
| 700 | 1 |
_941587 _aVallejo Peña, Alberto _ecol. |
|
| 700 | 1 |
_941520 _aArredondo Quijada, Rafael |
|
| 902 | _aLIB Libro | ||
| 942 |
_2CES _cBK _h5.2. |
||
| 999 |
_c54029 _d54029 |
||